000 00485nam a22001817a 4500
005 20170120141907.0
010 _aENG-117128
020 _a9789386050304
_c350.00
035 _aEN-100660
037 _bDBAD/PUB
082 _aN
100 _aBina Shah
245 _aA season for martyrs /
_cby Bina Shah
260 _aNew Delhi
_bSpeaking Tiger
_c2014
270 _a4381/4,Ansari Road,Daryaganj,
_bNew Delhi
_e110002
300 _aviii,284p.
_c19cm(pbk)
942 _2ddc
_cEN
_hN
_mBIN
999 _c105922
_d105922